50 poemas de amor y una canción / (Registro nro. 30467)

Detalles MARC
000 -CABECERA
campo de control de longitud fija 01059nam a22002297a 4500
008 - CÓDIGOS DE INFORMACIÓN DE LONGITUD FIJA
fixed length control field 231216t2003 ck gr 001 pdspa d
020 ## - NÚMERO INTERNACIONAL NORMALIZADO PARA LIBROS
ISBN 9789584999559
037 ## - SOURCE OF ACQUISITION
Materials specified Donación
040 ## - Fuente de catalogación
Agencia original de catalogación CO-JMCR
Agencia de transcripción CO-JMCR
Agencia de modificación CO-JMCR
Convenciones de descripción rda
Lenguaje de catalogación spa
041 0# - CÓDIGO DE LENGUA
Código idioma spa
082 04 - NÚMERO DE LA CLASIFICACIÓN DECIMAL DEWEY
Edition number 23
Número de clasificación Decimal A-P
Número de documento (Cutter) GARp
100 1# - PUNTO DE ACCESO PRINCIPAL-NOMBRE DE PERSONA
Nombre personal Garzón García, Fabio Hernán,
Término de función/relación Autor
9 (RLIN) 43052
245 10 - TÍTULO PROPIAMENTE DICHO
Título 50 poemas de amor y una canción /
Mención de responsabilidad, etc. Fabio Hernán Garzón García
260 ## - PUBLICACIÓN, DISTRIBUCIÓN, ETC. (PIE DE IMPRENTA)
Fecha de publicación, distribución, etc. 2003
264 ## - PRODUCCION, PUBLICACION, DISTRIBUCION, COPYRIGHT
Lugar de producción, publicación, distribución, etc Bogotá :
Nombre del editor, productor, distribuidor, etc Sistemas publicitarios ,
Fecha de producción, publicación, distribución, copyright ©2003
300 ## - DESCRIPCIÓN FÍSICA
Extensión 108 páginas ;
Dimensiones 21 cm.
520 3# - RESUMEN, ETC.
Resumen,etc. La Musa sobresalta de sobremanera en una forma de concentración de inspiración espiritual que se va elevando muy paulatinamente a las alturas, hasta llegar al éxtasis de exaltación subliminal corpórea que hace sobresalir a luz pública las características y cualidades de la personaje que van interdirigidos estos Poemas
650 24 - TÉRMINO DE MATERIA
9 (RLIN) 40496
650 34 - TÉRMINO DE MATERIA
subdivision Geografica Colombia
9 (RLIN) 43053
Existencias
Withdrawn status Lost status Damaged status Not for loan Home library Current library Shelving location Date acquired Source of acquisition Total Checkouts Full call number Barcode Date last seen Date last checked out Copy number Price effective from Koha item type
        Biblioteca Pública José María del Castillo y Rada Biblioteca Pública José María del Castillo y Rada Fiction 11/10/2023 Donación 1 A-P GARp 201812120 02/23/2024 02/22/2024 Ej. 1 12/16/2023 Books